000 00825nam a2200241Ia 4500
003 GCL
008 140319s9999 xx 000 0 ara d
040 _aGCL /
_cGCL
082 0 4 _a361.8
_bم م
100 1 _aمحمد سيد طنطاوى
245 1 0 _aالمؤتمر السنوى الاول استراتيجيات التغير وتطوير المنظمات 1991 /
_cمحمد سيد طنطاوى
700 1 _aفؤاد محمد القاضى
700 1 _aعلى لطفى
700 1 _aعايدة خطاب
260 _a[S.N] :
_bمركز وايد سيرفيس للاستشارات والتطوير ،
_c1991
300 _a162 ص
490 _a
650 0 4 _aالتنظيم
650 0 4 _aالتغير الاجتماعى
650 0 4 _aالتطور الاجتماعى
650 0 4 _aالتطور
942 _2ddc
_cBK
999 _c54285
_d54285